|
|
|
|
| LEADER |
00602cam a2200205 7i4500 |
| 001 |
0000019089 |
| 005 |
20070327090000.0 |
| 020 |
0 |
0 |
|a 981-232-893-9
|
| 090 |
0 |
0 |
|a BAHS 953.65
|b TRI
|
| 100 |
1 |
0 |
|a Tripp
|
| 245 |
2 |
0 |
|a Culture shock! :
|b Bahrain.
|
| 260 |
0 |
0 |
|a Singapore:
|b Marshall Cavendish Editions,
|c 2006.
|
| 300 |
# |
# |
|a 192 p.
|
| 440 |
0 |
0 |
|a Culture shock!
|
| 650 |
0 |
0 |
|a Etiquette --
|z Bahrain
|
| 650 |
0 |
0 |
|a Bahrain --
|x Social life and customs
|
| 650 |
0 |
0 |
|a Doing business --
|z Bahrain
|
| 651 |
0 |
0 |
|a Bahrain
|
| 700 |
2 |
1 |
|a Tripp,
|h Margaret
|
| 999 |
|
|
|a B000019676
|b Book
|c Countries
|e Business Information Centre
|